000
00344pab a2200145 454500
008
180718b1996 xxu||||| |||| 00| 0 eng d
100
_a
Sebastian, P.A.
245
_a
Terrorism and the state
260
_c
1996
300
_a
p.1574-575
362
_a
22 Jun
650
_a
Terrorism
773
_a
Economic and Political Weekly
909
_a
31440
999
_c
31440
_d
31440